000 00954nam a2200301 i 4500
001 12921
003 KOSZ 005
005 20250530063544.0
008 070614s1970 pl a f 001 0 pol
015 _aPB 1971/975
040 _aWA N
_cWA N
_dKOSZ 005/RW
_dKOSZ 005/HR
046 _k1970
080 _a535
080 _a681.7
100 1 _aJóźwicki, Romuald
_eAutor
245 1 0 _aOptyka instrumentalna /
_cRomuald Jóźwicki.
260 _aWarszawa :
_bWydawnictwa Naukowo-Techniczne,
_c1970.
300 _a429, [1] s. :
_bil. ;
_c25 cm.
380 _aKsiążki.
388 _a1901-2000
504 _aBibliogr. przy rozdz. Indeks.
658 _aInżynieria i technika
650 4 _aOptyka
650 4 _aUrządzenia optyczne
710 2 _aWydawnictwa Naukowo-Techniczne
_4pbl.
856 _uhttp://koha.tu.koszalin.pl/cgi-bin/koha/opac-detail.pl?biblionumber=12921
_yKatalog online BPK
942 _2UKD
_cKS
999 _c12921
_d12921